00425nam a2200157Ia 450000500170000000800460001702000180006303700120008104000200009304100130011308400220012610000160014824500430016426000470020730000130025420250508162021.0008 250505s9999 xx 000 0 eng d a0-333-23440-5 aTextual aFEDLbengcFEDL aeng2eng a307.72, AZIqFEDL aAziz Sartaj 0aRural development: Learning from China aLondon, UKbThe Macmillan Press Ltd.c1978 axxi,201p